| 000 | 00611nam a2200229 a 4500 | ||
|---|---|---|---|
| 001 | nice12345678 | ||
| 003 | IN_TiNIC | ||
| 005 | 20260116012754.0 | ||
| 008 | 050524s1981 gena grp 000 0 eng | ||
| 020 |
_a2825406783 _c0 |
||
| 082 | 0 | 0 |
_a305.4 _bHER |
| 100 | _aHerzel, Susannah | ||
| 245 |
_aVoice for Women _b Women`s Department of the World Council of Churches |
||
| 260 |
_aGeneva _bWCC _c1981 |
||
| 300 | _a197p | ||
| 500 | _aincludes index and biblioraphy | ||
| 505 | 2 | _aAppendices, Selected Bibliography | |
| 700 | 1 | _aHerzel, Susannah | |
| 902 | _bSRS | ||
| 942 | _cBK | ||
| 999 |
_c8310 _d8310 |
||